Регионална библиотека "Любен Каравелов" - Русе

Kritik der reinen Vernunst (Запис номер 343632)

MARC детайли
000 -Лидер
Контролно поле с фиксирана дължина 01051nam a2200325 c 4500
003 - Код на организацията, давaща контролен номер
Контролно поле BLK
005 - Дата и час на последна редакция
Контролно поле 20190913121245.0
008 - Елементи от данни с фиксирана дължина
fixed length control field 180911b bul|||||r ||||||| ||bul||
010 ## - Наследен системен номер
LC control number 003293
040 ## - Източник на каталожния запис
Идентификатор на билиотеката - собственик на записа BLK
041 ## - Код за език
Код за езика на текст/звукозапис или на отделно заглавие Немски
080 ## - УДК
УДК - код + определител 101(430)(091)111.7
100 1# - Редна дума - Автор
Автор KANT, Immanuel
Авторска отговорност първи автор
245 00 - Сведения за заглавието
Заглавие Kritik der reinen Vernunst
246 ## - Различни форми на заглавието
Паралелно заглавие Text der Ausg. 1781
250 ## - Област на изданието
Сведения за изданието 2. verb. Aufl
260 ## - Област на издателските данни
Място на издаване, разпространение и проч. Leipzig
Име на издателя, разпространителя и проч. Philipp Reclam
Година на издаване s.a
300 ## - Физическа характеристика
Страници XXVI, 703, 32 с
Размери/Мащаб 14 см
380 ## - Жанр
Жанр Философия
490 ## - СЕРИИ (Колекции)
Име на серия Univ.-Bibl.
490 ## - СЕРИИ (Колекции)
Име на серия Частна колекция - Академик Михаил Арнаудов
Бележки за серията Дарение - Основен фонд
520 ## - Забележка за наличие на резюме, анотация и т.н
Анотация, рецензия, сканиран текст Михаил Арнаудов: подпис
520 ## - Забележка за наличие на резюме, анотация и т.н
Анотация, рецензия, сканиран текст Михаил Арнаудов: негови-книга
520 ## - Забележка за наличие на резюме, анотация и т.н
Анотация, рецензия, сканиран текст Датиране на книгата : Септ.1899
655 ## - Ключова дума – жанр/разновидност
Данни за жанр/разновидност или ключова дума за фокус Философия
700 1# - Други автори (авторска отговорност)
Лично име Immanuel Kant
700 1# - Други автори (авторска отговорност)
Лично име Hrsg. von Karl Kehrbach
852 ## - Местоположение
Форматна сигнатура МА 841
942 ## - АРТИКУЛИ
Вид на библиотечния материал Книги
Скрит в OPAC Не
944 ## - СЪЗДАВАНЕ И РЕДАКЦИЯ на ЗАПИСА
Създаване/Редакция Създаване
Дата на регистрацията/редакция 1996
Служител, извършил регистрацията/редакцията ValK
999 ## - СИСТЕМНИ КОНТРОЛНИ НОМЕРА
Koha biblionumber 343632
Koha biblioitemnumber 343632
Наличности
Код за отписване Код за изгубен артикул Източник на класификационната схема Код за повреда Коз за рестрикции Код за отдаване Артикулен № Име на библиотеката - собственик Име на библиотеката, в която се намира в момента Статус (Текущо местоположение) Местоположение - отдел Цена в лева Номерация (Хронология) Инвентарен номер Систематично азбучна сигнатура Баркод Номер на екземпляра Цена в евро Служебен тип на артикула Бележка за публиката
  Не е изгубен Universal Decimal Classification Не е повреден без рестрикции Специални фондове ( старопечатни, редки и ценни, фонд М. Арнаудов) 743890 Регионална библиотека "Любен Каравелов" Русе Регионална библиотека "Любен Каравелов" Русе Фонд "Михаил Арнаудов" Фонд "Михаил Арнаудов" 30.00   587929 МА 841 120000587929 1 15.34 Книги ; Датиране на книгата : Септ.1899 ; ; подпис;
Vip Innovations Ltd, Rousse, Bulgaria 2025